000 00320 a2200157 4500
001 191329
020 _a978-85-16-06998-8
040 _cMagnum
100 _aFurnari, Eva
240 1 0 _aAssim assado
_lpor
245 1 0 _aAssim assado
300 _a31
362 0 _a2010
697 _aLITERATURA INFANTIL
942 _cBK
999 _c191329
_d191329